00687nam a2200205Ia 450000500170000000800410001702000180005804000180007604100080009408200200010210000290012224501560015125000120030726000360031930000300035565000320038565000170041765000200043470000270045420260116153536.0210716s2012 xx 000 0 und d a9788177225686 cAIMIT LIBRARY aeng a651.7 21bCHAT aChakravarthi, T Kalyana. aSoft skills for managers : bprofessional manual for soft skills and behavioural skills trainers /cBy T Kalyana Chakravarthi and T Latha Chakravarthi. a1st ed. aNew Delhi :bBiztantra ,c2012. axvi,198p. ;c20.5 cm.bPB aIntroduction to soft skills aGoal setting aTime management aChakravarthi, T Latha.